000
00325nam a2200133Ia 4500
008
150201s2007 xx 000 0 und d
082
_a
612.015
_b
R07G
100
_a
GUPTE,SATISH
245
_a
REVIEW OF MICROBIOLOGY
250
_a
2ND
260
_b
JAYPEE BROTHERS
_a
DELHI
_c
2007
650
_a
MICROBIOLOGY
942
_2
ddc
_c
BK
_0
3
999
_c
1011
_d
1011